| 000 | 00390pam a2200157a 44500 | ||
|---|---|---|---|
| 008 | 230515b2022 xxu||||| |||| 00| 0 eng d | ||
| 020 | _a978-93-90619-57-3 | ||
| 041 | _aENGLISH | ||
| 082 | _a610.73 | ||
| 100 | _aSUSHAMA PANDEY | ||
| 245 | _aPRINCIPLES AND PROCEDURES OF NURSING FOUNDATIONS | ||
| 250 | _a2ND | ||
| 260 |
_a _bCBS PUBLISHER. _c2022 |
||
| 300 | _aIX,373 | ||
| 650 | _aNULL | ||
| 999 |
_c513341 _d513341 |
||